[Event "Ruhrgebiet Regionalliga 1819"]
[Site "Nordrheinwestfalen"]
[Date "2019.06.02"]
[Round "11.2"]
[White "Himmel, Hansjoerg"]
[Black "Hillenbrand, Michael"]
[Result "1-0"]
[WhiteElo "2208"]
[BlackElo "2078"]
[PlyCount "55"]
[EventDate "2018.09.02"]
[EventType "team-tourn"]
[EventRounds "11"]
[EventCountry "GER"]
[SourceTitle "EXT 2022"]
[Source "ChessBase"]
[SourceDate "2021.10.06"]
[SourceVersion "1"]
[SourceVersionDate "2021.10.06"]
[SourceQuality "1"]
[WhiteTeam "Kamen SV"]
[BlackTeam "Borbeck Weisse Dame"]
[WhiteTeamCountry "GER"]
[BlackTeamCountry "GER"]

1. e4 g6 2. d4 Bg7 3. Nc3 d6 4. Be3 c6 5. Qd2 b5 6. Bd3 Nd7 7. f4 Ngf6 8. e5 Ng4 9. Nf3 Nxe3 10. Qxe3 0-0 11. 0-0 Nb6 12. Qf2 Nd5 13. Nxd5 cxd5 14. c3 Rb8 15. a3 Qb6 16. Qh4 e6 17. Rae1 a5 18. Re3 b4 19. axb4 axb4 20. Ng5 h6 21. Nxf7 Rxf7 22. Bxg6 Rf8 23. f5 dxe5 24. f6 exd4 25. Rg3 dxc3+ 26. Kh1 Rb7 27. Bd3 Rbf7 28. Qxh6 1-0

[Event "NRW Class2 1718"]
[Site "Germany"]
[Date "2018.04.08"]
[Round "8.2"]
[White "Himmel, Hansjoerg"]
[Black "Bosch, Jeroen"]
[Result "1/2-1/2"]
[WhiteElo "2205"]
[BlackElo "2409"]
[PlyCount "46"]
[EventDate "2017.09.17"]
[EventType "team-tourn"]
[EventRounds "9"]
[EventCountry "GER"]
[SourceTitle "EXT 2019"]
[Source "ChessBase"]
[SourceDate "2018.10.10"]
[SourceVersion "1"]
[SourceVersionDate "2018.10.10"]
[SourceQuality "1"]
[WhiteTeam "Kamen"]
[BlackTeam "Plettenberg"]
[WhiteTeamCountry "GER"]
[BlackTeamCountry "GER"]

1. e4 d6 2. d4 Nf6 3. Nc3 g6 4. Be3 c6 5. h3 Nbd7 6. Nf3 Bg7 7. e5 Nd5 8. Nxd5 cxd5 9. exd6 e6 10. Bd3 0-0 11. Qd2 Nf6 12. c3 Qxd6 13. Bf4 Qb6 14. 0-0 Bd7 15. Rfe1 Bb5 16. Bc2 Bc6 17. Bd3 Rfc8 18. Ne5 Bb5 19. Bc2 Be8 20. Bd3 Bb5 21. Bc2 Be8 22. Bd3 Bb5 23. Bc2 Be8 1/2-1/2

[Event "NRW Class2 1718"]
[Site "Germany"]
[Date "2018.02.18"]
[Round "6.2"]
[White "Koellner, Ruben Gideon"]
[Black "Himmel, Hansjoerg"]
[Result "1/2-1/2"]
[WhiteElo "2154"]
[BlackElo "2205"]
[PlyCount "38"]
[EventDate "2017.09.17"]
[EventType "team-tourn"]
[EventRounds "9"]
[EventCountry "GER"]
[SourceTitle "EXT 2019"]
[Source "ChessBase"]
[SourceDate "2018.10.10"]
[SourceVersion "1"]
[SourceVersionDate "2018.10.10"]
[SourceQuality "1"]
[WhiteTeam "Bochum SG II"]
[BlackTeam "Kamen"]
[WhiteTeamCountry "GER"]
[BlackTeamCountry "GER"]

1. d4 Nf6 2. Nf3 e6 3. Nbd2 c5 4. e3 b6 5. c3 Bb7 6. Bd3 cxd4 7. exd4 Be7 8. 0-0 0-0 9. Re1 d6 10. Qe2 Nbd7 11. Ng5 Re8 12. Ndf3 Nf8 13. Ne4 Nxe4 14. Bxe4 Qd7 15. Bxb7 Qxb7 16. Bg5 Rac8 17. Qe4 Qxe4 18. Rxe4 d5 19. Re2 Bxg5 1/2-1/2

[Event "NRW Class2 1617"]
[Site "Germany"]
[Date "2017.02.12"]
[Round "6.2"]
[White "Kabatianski, Alexander"]
[Black "Himmel, Hansjoerg"]
[Result "1/2-1/2"]
[WhiteElo "2394"]
[BlackElo "2245"]
[PlyCount "82"]
[EventDate "2016.09.25"]
[EventType "team-tourn"]
[EventRounds "9"]
[EventCountry "GER"]
[SourceTitle "EXT 2023"]
[Source "ChessBase"]
[SourceDate "2022.10.05"]
[SourceVersion "1"]
[SourceVersionDate "2022.10.05"]
[SourceQuality "1"]
[WhiteTeam "Emsdetten Rochade"]
[BlackTeam "Kamen SV"]
[WhiteTeamCountry "GER"]
[BlackTeamCountry "GER"]

1. d4 Nf6 2. c4 e6 3. g3 Bb4+ 4. Bd2 Qe7 5. Bg2 a5 6. Nf3 Bxd2+ 7. Qxd2 d6 8. Nc3 e5 9. 0-0 0-0 10. e4 Bg4 11. Nh4 Nc6 12. d5 Nd4 13. Nb5 Nxb5 14. cxb5 Nd7 15. f3 Bh5 16. Bh3 Nc5 17. b3 f6 18. Rfe1 Be8 19. Bf1 Bd7 20. Bc4 f5 21. exf5 Bxf5 22. Rac1 Bh3 23. Rc3 Qf6 24. Ng2 Rae8 25. Rce3 Bxg2 26. Kxg2 b6 27. a3 Re7 28. b4 axb4 29. axb4 Nd7 30. Bd3 Ref7 31. Qc2 g6 32. Qxc7 Nc5 33. Qxb6 e4 34. Bxe4 Nxe4 35. Rxe4 Qxf3+ 36. Kg1 Qd3 37. Qe3 Qxb5 38. Qe2 Qxd5 39. Rd1 Qc6 40. Red4 Qb6 41. Qe6 Rb8 1/2-1/2

[Event "NRW Class1 1415"]
[Site "Germany"]
[Date "2015.02.08"]
[Round "6.4"]
[White "Arndt, Stefan"]
[Black "Himmel, Hansjoerg"]
[Result "0-1"]
[WhiteElo "2124"]
[BlackElo "2136"]
[PlyCount "96"]
[EventDate "2014.09.14"]
[EventType "team-tourn"]
[EventRounds "9"]
[EventCountry "GER"]
[SourceTitle "EXT 2017"]
[Source "ChessBase"]
[SourceDate "2016.10.25"]
[SourceVersion "1"]
[SourceVersionDate "2016.10.25"]
[SourceQuality "1"]
[WhiteTeam "Ennepe Ruhr Sued"]
[BlackTeam "Kamen"]
[WhiteTeamCountry "GER"]
[BlackTeamCountry "GER"]

1. e4 c5 2. Nf3 e6 3. d4 cxd4 4. Nxd4 a6 5. Nc3 Qc7 6. Be2 Nc6 7. a3 Nf6 8. Be3 Nxd4 9. Qxd4 Bd6 10. Qd3 b5 11. Rd1 Be5 12. Bd4 Bb7 13. Bxe5 Qxe5 14. 0-0 Bxe4 15. Nxe4 Qxe4 16. Qxe4 Nxe4 17. Bf3 d5 18. Rfe1 0-0-0 19. Bxe4 dxe4 20. Kf1 f5 21. Rxd8+ Rxd8 22. Ke2 Rd6 23. h4 Kd7 24. Ke3 Ke7 25. Rc1 Kf6 26. g3 e5 27. Ke2 Rd4 28. c3 Rd3 29. a4 f4 30. g4 Rh3 31. axb5 axb5 32. Ra1 Rxh4 33. Ra6+ Kg5 34. Re6 Kxg4 35. Rxe5 Rh6 36. Rxb5 Rh2 37. Ke1 Kf3 38. Re5 Rh1+ 39. Kd2 Rf1 40. c4 Rxf2+ 41. Kc3 Rf1 42. c5 e3 43. Kd3 Rd1+ 44. Kc2 e2 45. c6 Rd6 46. c7 Rc6+ 47. Kd2 Rxc7 48. Rxe2 Rc2+ 0-1

[Event "NRW Class1 1415"]
[Site "Germany"]
[Date "2014.12.14"]
[Round "4.4"]
[White "Schroeder, Kevin"]
[Black "Himmel, Hansjoerg"]
[Result "1-0"]
[WhiteElo "2219"]
[BlackElo "2136"]
[PlyCount "51"]
[EventDate "2014.09.14"]
[EventType "team-tourn"]
[EventRounds "9"]
[EventCountry "GER"]
[SourceTitle "EXT 2017"]
[Source "ChessBase"]
[SourceDate "2016.10.25"]
[SourceVersion "1"]
[SourceVersionDate "2016.10.25"]
[SourceQuality "1"]
[WhiteTeam "Lippstadt Turm"]
[BlackTeam "Kamen"]
[WhiteTeamCountry "GER"]
[BlackTeamCountry "GER"]

1. e4 c5 2. Nf3 Nc6 3. d4 cxd4 4. Nxd4 e6 5. c4 Nf6 6. Nc3 Bb4 7. Nxc6 dxc6 8. Qxd8+ Kxd8 9. e5 Nd7 10. Bf4 Bxc3+ 11. bxc3 b6 12. h4 Kc7 13. h5 a5 14. h6 g6 15. 0-0-0 a4 16. Bg5 Re8 17. f4 Nc5 18. Rd4 Ra5 19. Be2 Nd7 20. Rhd1 Rc5 21. Bh4 f6 22. exf6 Rf8 23. Bf2 Rxf6 24. Rd6 Ra5 25. Bf3 e5 26. fxe5 1-0

[Event "Ruhrgebiet Regionalliga 1314"]
[Site "Ruhrgebiet"]
[Date "2013.12.01"]
[Round "4.4"]
[White "Himmel, Hansjoerg"]
[Black "Schorra, Helmut"]
[Result "1-0"]
[WhiteElo "2124"]
[BlackElo "2078"]
[PlyCount "53"]
[EventDate "2013.09.22"]
[EventType "team-tourn"]
[EventRounds "9"]
[EventCountry "GER"]
[SourceTitle "EXT 2024"]
[Source "ChessBase"]
[SourceDate "2023.10.10"]
[SourceVersion "1"]
[SourceVersionDate "2023.10.10"]
[SourceQuality "1"]
[WhiteTeam "Kamen"]
[BlackTeam "Buer"]
[WhiteTeamCountry "GER"]
[BlackTeamCountry "GER"]

1. e4 e5 2. Nf3 Nc6 3. Bb5 Nf6 4. 0-0 Nxe4 5. d4 Nd6 6. Bxc6 dxc6 7. dxe5 Nf5 8. Qxd8+ Kxd8 9. Nc3 Bd7 10. h3 h5 11. Bg5+ Be7 12. Rad1 Ke8 13. Rd2 Nh6 14. Ne2 Bxg5 15. Nxg5 Ke7 16. Nf4 g6 17. e6 Be8 18. exf7 Bxf7 19. Nxf7 Kxf7 20. Rd7+ Kf6 21. Rxc7 Rab8 22. Re1 Kf5 23. g3 Ng8 24. Nd3 g5 25. Rf7+ Kg6 26. Ne5+ Kh6 27. Rd1 1-0

[Event "Ruhrgebiet Regionalliga 1213"]
[Site "Nordrheinwestfalen"]
[Date "2013.01.27"]
[Round "5.6"]
[White "Kauder, Hartmut"]
[Black "Himmel, Hansjoerg"]
[Result "0-1"]
[WhiteElo "2060"]
[BlackElo "2142"]
[PlyCount "116"]
[EventDate "2012.09.09"]
[EventType "team-tourn"]
[EventRounds "9"]
[EventCountry "GER"]
[SourceTitle "EXT 2020"]
[Source "ChessBase"]
[SourceDate "2019.10.17"]
[SourceVersion "1"]
[SourceVersionDate "2019.10.17"]
[SourceQuality "1"]
[WhiteTeam "Koenigsspringer Hamm"]
[BlackTeam "Kamen SV"]
[WhiteTeamCountry "GER"]
[BlackTeamCountry "GER"]

1. c4 e5 2. Nc3 Bb4 3. g3 Bxc3 4. bxc3 d6 5. Bg2 Ne7 6. Rb1 Nbc6 7. d3 0-0 8. Ba3 b6 9. e3 Bd7 10. Ne2 Qc8 11. h3 Qa6 12. Qc1 f5 13. Qb2 Kh8 14. Bb4 e4 15. d4 Qxc4 16. Ba3 Be6 17. Nc1 Qa6 18. Bf1 Bc4 19. Bxc4 Qxc4 20. Qb3 Na5 21. Qxc4 Nxc4 22. Bb2 b5 23. Kd1 Nd5 24. Ne2 c6 25. Kc2 Rab8 26. a3 Rb6 27. Nf4 Rb7 28. Nxd5 cxd5 29. Bc1 Rb6 30. Rb3 a6 31. h4 g6 32. Bd2 Rc8 33. Rc1 Kg7 34. Kd1 Rbc6 35. Be1 Kh6 36. Ke2 Kh5 37. Kf1 Kg4 38. Kg2 R6c7 39. Ra1 Nb6 40. Bd2 Nc4 41. Be1 Nb6 42. Bd2 Rc4 43. Be1 h6 44. Bd2 Ra4 45. Rh1 Nc4 46. Bc1 Na5 47. Rb4 Rxb4 48. axb4 Nc4 49. Rd1 a5 50. bxa5 Ra8 51. Bd2 Rxa5 52. Be1 Ra2 53. Kf1 Rb2 54. Ra1 Kf3 55. Rd1 g5 56. hxg5 hxg5 57. Rc1 Nd2+ 58. Kg1 Nb3 0-1

[Event "Ruhrgebiet Regionalliga 1112"]
[Site "Nordrheinwestfalen"]
[Date "2012.02.19"]
[Round "7.3"]
[White "Jonkman, Harmen"]
[Black "Himmel, Hansjoerg"]
[Result "1/2-1/2"]
[WhiteElo "2438"]
[BlackElo "2141"]
[PlyCount "84"]
[EventDate "2011.09.25"]
[EventType "team-tourn"]
[EventRounds "9"]
[EventCountry "GER"]
[SourceTitle "EXT 2020"]
[Source "ChessBase"]
[SourceDate "2019.10.17"]
[SourceVersion "1"]
[SourceVersionDate "2019.10.17"]
[SourceQuality "1"]
[WhiteTeam "Hattingen"]
[BlackTeam "Kamen SV"]
[WhiteTeamCountry "GER"]
[BlackTeamCountry "GER"]

1. e4 c5 2. c3 d5 3. exd5 Qxd5 4. d4 Nc6 5. Nf3 Bg4 6. dxc5 Qxd1+ 7. Kxd1 e5 8. b4 a5 9. b5 Nb8 10. c6 bxc6 11. h3 Bxf3+ 12. gxf3 Bc5 13. Nd2 Nf6 14. Nc4 Nd5 15. Kc2 Nxc3 16. Nxe5 Nxb5 17. Nxc6 Nd6 18. Ne5 0-0 19. Bb2 Rc8 20. Rd1 Nc6 21. Kb1 Nxe5 22. Bxe5 Rab8+ 23. Ka1 f6 24. Bb2 a4 25. Rg1 Kf8 26. Rg4 a3 27. Bc1 Nf5 28. Ra4 Nd4 29. Bd3 Ra8 30. Rxa8 Rxa8 31. Be3 Ra4 32. Bxh7 f5 33. Bxf5 Rc4 34. Be4 Nc2+ 35. Bxc2 Rxc2 36. Bxc5+ Rxc5 37. Kb1 Rc3 38. f4 Rxh3 39. Kc2 Rf3 40. Rd3 Rxf2+ 41. Kb3 Rxf4 42. Kxa3 Ke7 1/2-1/2

[Event "Ruhrgebiet Regionalliga 1011"]
[Site "Nordrheinwestfalen"]
[Date "2010.11.21"]
[Round "3.3"]
[White "Himmel, Hansjoerg"]
[Black "Niermann, Michael"]
[Result "0-1"]
[WhiteElo "2123"]
[BlackElo "2142"]
[PlyCount "98"]
[EventDate "2010.09.19"]
[EventType "team-tourn"]
[EventRounds "9"]
[EventCountry "GER"]
[SourceTitle "EXT 2020"]
[Source "ChessBase"]
[SourceDate "2019.10.17"]
[SourceVersion "1"]
[SourceVersionDate "2019.10.17"]
[SourceQuality "1"]
[WhiteTeam "Kamen SV"]
[BlackTeam "Bochum SG III"]
[WhiteTeamCountry "GER"]
[BlackTeamCountry "GER"]

1. e4 c6 2. d4 d5 3. e5 Bf5 4. Nf3 e6 5. Be2 Nh6 6. 0-0 Bg6 7. b3 Be7 8. c4 0-0 9. h3 Nf5 10. Nc3 Nd7 11. Bb2 Qb6 12. Na4 Qa5 13. Bc3 Qc7 14. Qd2 dxc4 15. bxc4 Rad8 16. Rfd1 b6 17. Qe1 Nh4 18. Nb2 Nxf3+ 19. Bxf3 Bg5 20. a4 Bc2 21. Rdc1 Bxc1 22. Rxc1 Bg6 23. h4 h6 24. h5 Bh7 25. Qe3 Rfe8 26. Re1 f6 27. exf6 Nxf6 28. Qc1 Bf5 29. g3 Bg4 30. Qd1 Bxf3 31. Qxf3 Qf7 32. Qxc6 Ng4 33. Qg2 Qxh5 34. Nd3 Qf5 35. Nb4 Rf8 36. Nc6 Rde8 37. Rf1 Qd3 38. Bb4 Rf7 39. c5 b5 40. axb5 Ref8 41. Ne5 Nxe5 42. dxe5 Qxb5 43. Qe4 a5 44. Ba3 Rf3 45. Rb1 Rb3 46. Ra1 Qd3 47. Qxd3 Rxd3 48. Ra2 Rc3 49. Kf1 Rb8 0-1

[Event "Ruhrgebiet Regionalliga 0910"]
[Site "Germany"]
[Date "2010.02.07"]
[Round "6.3"]
[White "Himmel, Hansjoerg"]
[Black "Kartsev, Soel"]
[Result "1/2-1/2"]
[WhiteElo "2242"]
[BlackElo "2243"]
[PlyCount "96"]
[EventDate "2009.09.06"]
[EventType "team-tourn"]
[EventRounds "9"]
[EventCountry "GER"]
[SourceTitle "EXT 2011"]
[Source "ChessBase"]
[SourceDate "2010.11.26"]
[SourceVersion "1"]
[SourceVersionDate "2010.11.26"]
[SourceQuality "1"]
[WhiteTeam "Kamen"]
[BlackTeam "Brackel"]
[WhiteTeamCountry "GER"]
[BlackTeamCountry "GER"]

1. e4 c5 2. Nf3 d6 3. d4 cxd4 4. Nxd4 Nf6 5. Nc3 a6 6. Be2 e6 7. 0-0 Be7 8. f4 0-0 9. Be3 Qc7 10. g4 Nc6 11. g5 Nd7 12. f5 Nxd4 13. Qxd4 Qd8 14. fxe6 fxe6 15. Rxf8+ Nxf8 16. Qd2 Bd7 17. Rf1 Ng6 18. Bh5 Ne5 19. Qg2 g6 20. Be2 Qa5 21. Bd4 Qb4 22. Bxe5 dxe5 23. Qg3 Rc8 24. Rd1 Bc5+ 25. Kh1 Bd4 26. Qh3 Qxb2 27. Nd5 exd5 28. Qxd7 Rf8 29. Qxd5+ Kg7 30. Rf1 Rxf1+ 31. Bxf1 Qb6 32. Kg2 Qb4 33. Be2 Qe7 34. h4 h6 35. Bc4 Qf8 36. Qxb7+ Kh8 37. Qf7 Qxf7 38. Bxf7 hxg5 39. hxg5 Be3 40. Bxg6 Bxg5 41. Kf3 Kg7 42. Bf5 Kf6 43. Ke2 Ke7 44. Kd3 Kd6 45. Kc4 Bd2 46. Bc8 a5 47. Kb5 Kc7 48. Be6 Bc3 1/2-1/2

[Event "Ruhrgebiet Regionalliga 0708"]
[Site "Germany"]
[Date "2008.03.16"]
[Round "7.3"]
[White "Kruse, Peter"]
[Black "Himmel, Hansjoerg"]
[Result "1/2-1/2"]
[WhiteElo "2062"]
[BlackElo "2246"]
[PlyCount "85"]
[EventDate "2007.09.16"]
[EventType "team"]
[EventRounds "9"]
[EventCountry "GER"]
[SourceTitle "EXT 2009"]
[Source "ChessBase"]
[SourceDate "2008.11.26"]
[SourceVersion "1"]
[SourceVersionDate "2008.11.26"]
[SourceQuality "1"]
[WhiteTeam "Gladbeck SG"]
[BlackTeam "Kamen"]
[WhiteTeamCountry "GER"]
[BlackTeamCountry "GER"]

1. e4 c5 2. Nf3 Nc6 3. Bb5 e6 4. 0-0 Nge7 5. Re1 a6 6. Bf1 d5 7. exd5 Qxd5 8. Nc3 Qd8 9. d3 Nf5 10. Bg5 Be7 11. Bxe7 Qxe7 12. Nd5 Qd8 13. Ne3 Nxe3 14. Rxe3 0-0 15. g3 b6 16. Bg2 Ra7 17. c3 Rd7 18. Qb3 Qc7 19. Ng5 Ne5 20. Qc2 Rfd8 21. d4 Ng6 22. dxc5 Qxc5 23. Ne4 Qc7 24. Re2 Bb7 25. Ng5 Bxg2 26. Kxg2 Qc5 27. h4 Nf8 28. Nf3 h6 29. Rae1 Rd5 30. Re5 Rxe5 31. Rxe5 Qc6 32. Qe4 Qc7 33. Qc2 Qc6 34. Qe4 Qc7 35. Qc2 Nd7 36. Re2 Nf6 37. Rd2 Rc8 38. Qa4 Qb7 39. Qd1 e5 40. Kg1 e4 41. Rd8+ Kh7 42. Rxc8 Qxc8 43. Ne5 1/2-1/2

[Event "Oberliga NRW 0405"]
[Site "Germany"]
[Date "2005.04.24"]
[Round "9.6"]
[White "Lamby, Philipp"]
[Black "Himmel, Hansjoerg"]
[Result "1-0"]
[WhiteElo "2220"]
[BlackElo "2242"]
[PlyCount "79"]
[EventDate "2004.10.10"]
[EventType "team-tourn"]
[EventRounds "9"]
[EventCountry "GER"]
[SourceTitle "EXT 2006"]
[Source "ChessBase"]
[SourceDate "2005.11.24"]
[SourceVersion "1"]
[SourceVersionDate "2005.11.24"]
[SourceQuality "1"]
[WhiteTeam "Aachen"]
[BlackTeam "Dortmund Hansa"]
[WhiteTeamCountry "GER"]
[BlackTeamCountry "GER"]

1. d4 Nf6 2. c4 e6 3. Nc3 Bb4 4. f3 c5 5. d5 Bxc3+ 6. bxc3 d6 7. e4 e5 8. Bd3 Qa5 9. Bd2 Bd7 10. Ne2 Ba4 11. Qc1 Nbd7 12. Ng3 Qa6 13. 0-0 g6 14. Rf2 Nb6 15. Qf1 h5 16. h4 Rc8 17. Be2 Rc7 18. f4 Nfd7 19. f5 Kd8 20. fxg6 fxg6 21. Rf7 Kc8 22. Bg5 Kb8 23. Be7 Nc8 24. Bg5 Ncb6 25. Bd3 Qa5 26. Ne2 Rcc8 27. Be7 Kc7 28. Rg7 Rce8 29. Qf7 Nc8 30. Bg5 Rhf8 31. Qxg6 Qa6 32. Ng3 Bb3 33. Qh7 Ncb6 34. Rb1 Bxc4 35. Rxb6 Kxb6 36. Bxc4 Qxc4 37. Rxd7 Rb8 38. Rxd6+ Ka5 39. Qc7+ Ka4 40. Bd8 1-0